000 00417nam a22001697a 4500
999 _c5003
_d5001
005 20211005151644.0
008 160701b xxu||||| |||| 00| 0 eng d
020 _a978-0-07-014000-4
041 _aeng
082 _b20201
100 _aBewoor anand k and kulkarni
_94324
245 _aMetrology & measurements
260 _bMc graw Hill
_c2014
300 _a553
650 _aDiploma Engineering
_9817
942 _cBK